[Event "Capablanca Memorial op-B 45th"]
[Site "Havana"]
[Date "2011.05.18"]
[Round "7"]
[White "Leon Valdes, Jony Wilson"]
[Black "Marquez Torres, Oscar Luis"]
[Result "1-0"]
[WhiteElo "2199"]
[BlackElo "2110"]
[PlyCount "66"]
[EventDate "2011.05.11"]
[EventType "swiss"]
[EventRounds "7"]
[EventCountry "CUB"]
[SourceTitle "CBM 142 Extra"]
[Source "ChessBase"]
[SourceDate "2011.06.27"]
[SourceVersion "1"]
[SourceVersionDate "2011.06.27"]
[SourceQuality "1"]

1. d4 Nf6 2. c4 e6 3. g3 c5 4. d5 exd5 5. cxd5 d6 6. Nc3 g6 7. Nf3 Bg7 8. Bg2 0-0 9. Nd2 Na6 10. Nc4 Nc7 11. a4 b6 12. Nxd6 Qxd6 13. Bf4 Qd8 14. d6 Ne6 15. Bxa8 Nxf4 16. gxf4 Bh3 17. Bf3 Ne8 18. Qd2 Nxd6 19. 0-0-0 Bxc3 20. Qxc3 Qe7 21. Qe5 Qxe5 22. fxe5 Nc4 23. Bd5 Nxe5 24. Rd2 Kg7 25. Rg1 Bc8 26. f4 Ng4 27. e4 Re8 28. Re1 Nf6 29. Bc6 Re7 30. Rd8 Ba6 31. e5 Nh5 32. f5 gxf5 33. Rg1+ Kh6 1-0

[Event "Capablanca Memorial op-B 45th"]
[Site "Havana"]
[Date "2011.05.15"]
[Round "5"]
[White "Espinosa Escala, Rafael"]
[Black "Marquez Torres, Oscar Luis"]
[Result "1-0"]
[WhiteElo "2251"]
[BlackElo "2110"]
[PlyCount "115"]
[EventDate "2011.05.11"]
[EventType "swiss"]
[EventRounds "7"]
[EventCountry "CUB"]
[SourceTitle "CBM 142 Extra"]
[Source "ChessBase"]
[SourceDate "2011.06.27"]
[SourceVersion "1"]
[SourceVersionDate "2011.06.27"]
[SourceQuality "1"]

1. e4 e6 2. d4 d5 3. exd5 exd5 4. c4 Bb4+ 5. Nc3 Nf6 6. Bd3 0-0 7. Nge2 Bg4 8. f3 Bh5 9. a3 dxc4 10. Bxc4 Bd6 11. g4 Bg6 12. h4 h5 13. g5 Nfd7 14. Be3 Re8 15. Qd2 c6 16. 0-0-0 b5 17. Bd3 Nb6 18. Ne4 Bf8 19. Nf4 Nc4 20. Bxc4 bxc4 21. Nxg6 fxg6 22. Bf4 Qd5 23. Qc3 Nd7 24. Nd2 Nb6 25. Bc7 Re2 26. Bxb6 axb6 27. Qxc4 Rae8 28. Qxd5+ cxd5 29. Rdf1 Bd6 30. f4 Rg2 31. Rhg1 Rxg1 32. Rxg1 Bxf4 33. Kd1 Bxd2 34. Kxd2 Re4 35. Kc3 Kf7 36. Rh1 Ke7 37. Kb4 Rxd4+ 38. Kb5 Rd3 39. Kxb6 Rb3+ 40. Kc5 Rxb2 41. Kxd5 Ra2 42. Rh3 Ra1 43. Re3+ Kd7 44. Kc5 Ra2 45. Kb4 Rg2 46. Re4 Rg4 47. Rc4 Kd6 48. Kb5 Kd5 49. Rb4 Kd6 50. a4 Kc7 51. Kc5 Rg1 52. Kd5 Rd1+ 53. Rd4 Ra1 54. Ke6 Re1+ 55. Kf7 Rg1 56. Kxg6 Rg4 57. Rd1 Rxa4 58. Kxh5 1-0